[Event "36th Mitropa Cup Open 2018"]
[Site "Isola Capo Rizzuto"]
[Date "2018.06.06"]
[Round "6"]
[White "Mihok, Oliver"]
[Black "Huschenbeth, Niclas"]
[Result "1/2-1/2"]
[WhiteElo "2547"]
[BlackElo "2578"]
[Annotator "TA"]
[PlyCount "158"]
[EventDate "2018.05.31"]
[EventType "team-tourn"]
[EventCountry "ITA"]
[SourceTitle "playchess.com"]
[Source "ChessBase"]
[SourceQuality "1"]
[WhiteTeam "Hungary"]
[BlackTeam "Germany"]
[WhiteTeamCountry "HUN"]
[BlackTeamCountry "GER"]

{[%evp 18,158,0,-7,8,14,10,18,14,0,32,25,25,11,18,9,21,23,42,18,8,0,0,0,0,0,0,0,0,0,13,0,32,35,27,40,54,31,47,11,11,10,29,31,30,33,29,0,0,0,10,0,28,0,55,8,121,124,117,109,300,310,284,253,222,33,21,29,65,13,15,20,29,45,151,145,123,8,8,8,8,8,13,15,15,0,0,0,0,0,0,0,0,0,0,0,0,0,0,0,0,0,0,0,0,0,0,0,0,0,0,-29962,0,0,0,-29960,0,0,0,0,0,0,0,0,0,0,0,0,0,0,0,0,0,0,0,0,0,0,0,0,0,0,0]} 1. e4 c5 2. Nf3 d6 3. Bb5+ Nd7 4. d4 cxd4 5. Qxd4 a6 6. Bxd7+ Bxd7 7. c4 {B51: Sizilianisch (Rossolimo-Variante)} Nf6 8. Bg5 e6 9. Nc3 h6 10. Bh4 {LiveBook: 3 Partien} e5 $146 ({Vorgänger:} 10... Be7 11. O-O Bc6 12. Rfe1 O-O 13. Rad1 b5 14. Bxf6 Bxf6 15. Qxd6 Qxd6 16. Rxd6 {½-½ (56) Yu,R (2516)-Inarkiev,E (2729) China 2016}) 11. Qd3 g5 12. Bg3 Rc8 13. O-O Qc7 14. Nd2 Be6 {[%cal Re6c4]} 15. b3 Be7 16. Rac1 h5 17. h4 Nd7 18. Nf3 g4 19. Nh2 Qd8 20. Rfd1 Rc6 21. Nd5 Bxh4 22. Bxh4 Qxh4 23. Qe3 Rc8 24. Nb6 Nxb6 25. Qxb6 Qe7 26. Rxd6 h4 27. Nf1 Kf8 28. Rcd1 Kg7 29. Ne3 g3 30. Nf5+ Bxf5 $1 31. exf5 Qg5 32. f6+ Kh6 33. Qxb7 gxf2+ 34. Kxf2 Rhg8 35. Qf3 (35. Rxa6 $2 Qg3+ 36. Kg1 h3 $19) 35... Rg6 (35... e4 $11 36. Qxe4 Qg3+ 37. Kf1 Rg4) 36. Rh1 e4 (36... Rd8 $1 $11 37. Rxd8 Rxf6 38. Rh8+ Kg7 39. R8xh4 (39. R1xh4 Qd2+ 40. Kg3 Rxf3+ 41. gxf3 Qe3 $11) 39... Qd2+ 40. Kg3 Rxf3+ 41. gxf3 f5) 37. Qe3 $16 Qxe3+ 38. Kxe3 Rxg2 $2 (38... Rg4 $16 {war einen Versuch wert.}) 39. Rxh4+ {[%mdl 4096] Endspiel KTT-KTT} Kg5 40. Rh7 (40. Rxe4 $6 Rxa2 41. Rb6 Rd8 $16) 40... Kf5 41. Rxa6 $2 (41. Rxf7 $18 Rg3+ 42. Kd2 (42. Kf2 Rf3+ 43. Kg2 Rf4 $18)) 41... Rg3+ $14 42. Kf2 Rcg8 $1 43. Ra5+ (43. Rxf7 Rf3+ 44. Ke2 Rg2+ 45. Ke1 Rh3 $19) (43. Ke2 $14) 43... Ke6 $1 $11 44. Ke2 {Schwarz muss nun Th4 beachten.} Rf3 45. Rh2 Kxf6 (45... Rgg3 $14) 46. Rh6+ $16 Kg7 {[#]} 47. Rg5+ ({Lieber} 47. Rhh5 $1 $16) 47... Kxh6 $11 48. Rxg8 {KT-KT} f5 $1 49. c5 {b4 ist eine echte Drohung.} Rc3 50. b4 f4 51. Rg4 f3+ 52. Kf2 Rc2+ 53. Ke3 Re2+ 54. Kd4 {Und weiter mit c6 wäre nett.} f2 55. Rf4 $1 {Droht c6 und aus.} e3 {[%cal Be4e3,Be3e2][%mdl 32] Und ...Kg5 würde nun gewinnen.} 56. c6 {Droht stark b5.} Re1 57. c7 $1 {[%cal Rc7c8]} e2 58. Rh4+ ({Jedoch nicht} 58. Rf6+ $2 Kg7 $19) 58... Kg5 {[#]} 59. Rg4+ $3 {[%mdl 512]} Kh5 {( -> ...Td1+)} (59... Kf6 $5 60. c8=Q $8 Rd1+ 61. Kc5 Rc1+ 62. Rc4 Rxc4+ 63. Kxc4 f1=Q 64. Qf8+ Kg6 65. Qg8+ Kf6 66. Qf8+ Kg6 67. Qg8+ Kf6 68. Qf8+ $11) (59... Kxg4 60. c8=Q+) 60. c8=Q $1 {[%cal Rc8f5]} Rd1+ 61. Kc5 {jetzt Df5+ und aus.} Rc1+ 62. Rc4 Rxc4+ 63. Kxc4 {Droht Matt per Df5+.} f1=Q {KD-KD} 64. Qe8+ $2 {[%mdl 8192]} (64. Qh8+ $11 Kg4 65. Qg7+ Kf5 66. Qf7+ Kg4 67. Qg7+ Kf5 68. Qf7+ Kg4 69. Qg7+) 64... Kg5 $2 (64... Kh4 65. Qe7+ Kh3 66. Qd7+ Kh2 67. Qd6+ Kh1 68. Qd5+ Kg1 69. Qd4+ Qf2 70. Qg4+ Qg2 71. Qd4+ Kf1 72. Qd3 Qg4+ 73. Kb5 Kf2 74. Qc2 Kf1 75. Qd3 Kf2 76. Qc2 Kf1 77. Qd3) 65. Qe5+ Kg4 66. Qe6+ $2 {[%mdl 8192] [#]} (66. Qg7+ $11 Kh3 67. Qh6+ Kg2 68. Qg5+ Kf3 69. Qf6+ Kg2 70. Qg5+ Kf3 71. Qf6+ Kg2 72. Qg5+) 66... Kf4 $2 ({Lieber nicht} 66... Kf3 67. Qf6+ Kg2 68. Qg5+ Kf3 69. Qf6+ Kg2 70. Qg5+ Kf3 71. Qf6+ $11) (66... Kg3 $1 {setzt Matt} 67. Qg6+ Kh2 68. Qh6+ Kg1 69. Qg7+ Qg2 70. Qa1+ Kf2 71. Qd4+ Kf1 72. Qd3 Kg1 73. Qd4+ Kf1 74. Qd3 Kg1 75. Qd4+ Kf1) 67. Qf6+ {Die Stellung ist ausgeglichen.} Kg4 (67... Kg3 $5 68. Qg5+ $8 Kf3 69. Qf6+ Kg2 70. Qg5+ Kf3 71. Qf6+ Kg2 72. Qg5+ Kf3 $11) 68. Qg6+ Kf3 69. Qf5+ Ke3 (69... Kg3 $5 70. Qg5+ $8 Kf3 71. Qf6+ Kg2 72. Qg5+ Kf3 73. Qf6+ Kg2 74. Qg5+ Kf3 $11) 70. Qe5+ Kf3 71. Qf5+ Kg3 (71... Ke3 $5 72. Qe5+ $8 Kf2 73. Qf4+ Kg2 74. Qg4+ Kf2 75. Qh4+ Kf3 76. Qf6+ Kg2 77. Qg5+ Kf3 78. Qf6+ Kg2 79. Qg5+ Kf3 80. Qf6+ $11) 72. Qg5+ Kf2 73. Qf4+ Ke1 74. Qc1+ $1 Kf2 75. Qf4+ Kg1 (75... Ke1 $5 {[%cal Rf1f4]} 76. Qc1+ Kf2 77. Qf4+ $11) 76. Qg3+ Kh1 (76... Qg2 $5 77. Qe1+ $8 Qf1 78. Qg3+ Qg2 79. Qe1+ Qf1 80. Qg3+ $11) 77. Qh4+ Kg2 (77... Kg1 $5 78. Qg3+ $8 Qg2 79. Qe1+ Qf1 80. Qg3+ $11) 78. Qg4+ Kh2 (78... Kh1 $5 79. Qh4+ $8 Kg2 80. Qg4+ Kf2 81. Qf4+ $11) 79. Qh4+ Kg1 {Precision: Weiß = 59%, Schwarz = 61%.} 1/2-1/2

[Event "36th Mitropa Cup Open 2018"]
[Site "Isola Capo Rizzuto"]
[Date "2018.06.06"]
[Round "6"]
[White "Kuljasevic, Davorin"]
[Black "Vocaturo, Daniele"]
[Result "1/2-1/2"]
[WhiteElo "2543"]
[BlackElo "2608"]
[Annotator "TA"]
[PlyCount "73"]
[EventDate "2018.05.31"]
[EventType "team-tourn"]
[EventCountry "ITA"]
[SourceTitle "playchess.com"]
[Source "ChessBase"]
[SourceQuality "1"]
[WhiteTeam "Croatia"]
[BlackTeam "Italy"]
[WhiteTeamCountry "CRO"]
[BlackTeamCountry "ITA"]

{[%evp 23,73,0,12,19,41,36,43,47,66,39,28,37,34,29,29,29,27,0,27,0,0,0,0,0,29,39,110,112,123,133,119,23,23,8,8,8,10,9,18,7,8,8,8,0,24,0,0,0,28,33,49,0]} 1. d4 d5 2. c4 c6 3. Nf3 Nf6 4. Nc3 dxc4 5. a4 Bf5 6. Ne5 e6 7. f3 Bb4 8. Nxc4 O-O 9. Kf2 {D17: Slav Defence: 5 a4 Bf5: Lines with 6 Nh4 and 6 Ne5} c5 10. e4 Bg6 11. Na2 Nc6 12. Nxb4 Nxb4 {LiveBook: 13 Games} 13. Bd2 ({Don't play} 13. Be3 cxd4 14. Bxd4 Bxe4 $15) (13. Qb3 Nxe4+ 14. fxe4 Bxe4 15. Bf4 Qf6 16. Qe3 Rad8 17. Qxe4 Rxd4 {1-0 (49) Zhou,J (2630)-Shankland,S (2679) Atlantic City 2016}) 13... Qxd4+ 14. Be3 Qxd1 15. Rxd1 b6 {[#]} 16. a5 $146 ({Predecessor:} 16. Na3 Rfd8 {1-0 (62) Paravyan,D (2528)-Deviatkin,A (2508) Moscow 2016}) 16... Rfb8 17. Bf4 Rb7 18. Nd6 Re7 19. axb6 axb6 20. Bc4 Nc2 21. Nb5 {Black must now prevent Nc7.} e5 22. Bg5 Nd4 23. Ra1 Rxa1 24. Rxa1 Nxb5 ({Better is} 24... h6 $14 25. Ra8+ Kh7 26. Bxf6 gxf6) 25. Bxb5 $16 h6 26. Ra8+ Kh7 27. Bxf6 ({White should try} 27. Bh4 $16) 27... gxf6 {[%mdl 4096] Endgame KRB-KRB} 28. g4 h5 29. Ke3 h4 30. Rb8 Re6 31. Rd8 Kh6 32. Rd5 Re7 33. Bd7 c4 34. Kd2 Kg5 35. Ke3 Kh6 $1 36. Rd2 Kg5 37. Rd5 {Precision: White = 42%, Black = 52%.} 1/2-1/2

[Event "36th Mitropa Cup Open 2018"]
[Site "Isola Capo Rizzuto"]
[Date "2018.06.06"]
[Round "6"]
[White "Kollars, Dmitrij"]
[Black "Kantor, Gergely"]
[Result "1-0"]
[WhiteElo "2538"]
[BlackElo "2522"]
[Annotator "TA"]
[PlyCount "133"]
[EventDate "2018.05.31"]
[EventType "team-tourn"]
[EventCountry "ITA"]
[SourceTitle "playchess.com"]
[Source "ChessBase"]
[SourceQuality "1"]
[WhiteTeam "Germany"]
[BlackTeam "Hungary"]
[WhiteTeamCountry "GER"]
[BlackTeamCountry "HUN"]

{[%evp 20,133,0,0,0,0,0,0,0,0,0,-9,0,-31,-24,-44,-37,-39,-46,-52,-46,-40,-38,-58,-38,-41,-41,-43,-42,-117,-25,-74,-92,-77,-80,-80,-68,-57,-11,-11,-12,-11,-11,-18,0,0,0,0,0,0,0,-7,0,0,0,0,0,0,0,-5,0,-2,-2,-6,390,384,369,362,373,377,371,356,586,586,586,586,579,566,577,570,563,556,548,548,530,530,516,502,501,487,465,450,481,417,687,687,626,558,693,683,927,894,871,848,740,677,668,644,674,650,841,836,29962,11372,5106,1671]} 1. e4 e5 2. Nf3 Nc6 3. Nc3 Nf6 4. Bb5 Nd4 5. O-O Nxb5 6. Nxb5 c6 7. Nc3 d6 8. d4 Qc7 9. h3 {C48: Vierspringerspiel (Rubinstein-Variante)} Be7 10. Qd3 (10. a4 O-O 11. Re1 Re8 12. b3 Bf8 13. Bb2 b6 14. Qd2 Bb7 15. Rad1 Rad8 16. Qg5 h6 17. Qc1 a6 18. dxe5 dxe5 {½-½ (54) Nepomniachtchi,I (2729)-Ding,L (2777) Riadh 2017}) 10... O-O 11. a4 {[%cal Ba2a4,Ba4a5][%mdl 32] LiveBook: 4 Partien. Die Stellung ist ausgeglichen.} h6 12. b3 $146 ({Vorgänger:} 12. a5 Be6 13. Be3 b5 14. axb6 axb6 15. d5 Bd7 16. Nd2 b5 17. dxc6 Qxc6 {0-1 (33) Soors,S (2407)-Heimann,A (2539) Amsterdam 2015}) 12... Be6 13. Ba3 Rad8 14. Rfd1 Rfe8 15. a5 Bc8 16. Bb2 Bf8 17. Qe3 exd4 18. Qxd4 b5 19. axb6 axb6 20. Qc4 Qb7 21. e5 b5 22. Qh4 dxe5 23. Rxd8 Rxd8 24. Nxe5 (24. Ne4 $15 Qe7 25. Nxf6+ gxf6 26. Nh2) 24... Bf5 ({Günstiger ist} 24... Rd2 $17 25. Rc1 Bf5) 25. Ne2 Re8 ({Vergiftet wäre} 25... Bxc2 $2 26. Ng4 $18) 26. Ng3 Bxc2 {zielt auf ...c5 ab.} 27. Rc1 Bh7 {Droht stark ...c5.} 28. Nxc6 Rc8 (28... Ne4 {with more complications.} 29. Qg4 Nxg3 30. Qxg3 Be4 31. Nd4 Qd5) 29. Bxf6 Rxc6 30. Rxc6 Qxc6 31. Be7 Bxe7 (31... g5 {looks sharper.} 32. Qb4 Bg7 33. h4 gxh4 34. Qxh4 Bg6) 32. Qxe7 Bg6 33. Kh2 Kh7 34. b4 Qc4 35. Qc5 Bd3 {Mit der Idee ...Dxc5.} 36. Qe3 Bg6 37. f4 Bb1 38. Qd2 Bd3 39. Nh1 Bc2 40. Nf2 Bf5 41. Nd1 Bc2 $2 {[%mdl 8192] [#]} (41... Bb1 $11 {und Schwarz muss sich keine Sorgen machen.}) 42. Ne3 $1 $18 {[%cal Re3c4]} Qxf4+ 43. g3 Qf3 {...Le4 ist eine echte Drohung.} 44. Qxc2+ ({Bloß nicht} 44. Nxc2 Kg8 $18) 44... g6 45. Qd2 h5 $2 (45... Kg7 {ist eine bessere Verteidigung.} 46. Nd5 Kh7) 46. h4 Qe4 47. Nd5 {[#] Beabsichtigt Sf6+ und Matt.} Qe5 48. Nf4 Kg8 49. Qe2 Qf5 50. Qe8+ Kg7 51. Qe7 Qc2+ 52. Qe2 Qf5 53. Qd3 Qe5 {und die Idee ...Db2+ ließe Schwarz weiter hoffen.} 54. Ne2 Kg8 55. Kg2 Kh7 56. Kf2 Kg8 (56... Qf6+ $142 57. Ke3 Qe7+ 58. Qe4 Qa7+ 59. Kf3 Qa2) 57. Qd8+ Kh7 58. Qg5 Qe8 59. Qd5 Kg8 60. Nd4 Qe7 61. Qxb5 Qf6+ 62. Nf3 Qb2+ 63. Kf1 Qa1+ 64. Ne1 Qf6+ 65. Kg1 Qc3 66. Qb8+ Kh7 67. Ng2 {Precision: Weiß = 74%, Schwarz = 44%.} 1-0

[Event "36th Mitropa Cup Open 2018"]
[Site "Isola Capo Rizzuto"]
[Date "2018.06.06"]
[Round "6"]
[White "Valsecchi, Alessio"]
[Black "Srbis, Jurica"]
[Result "1/2-1/2"]
[WhiteElo "2510"]
[BlackElo "2416"]
[Annotator "TA"]
[PlyCount "95"]
[EventDate "2018.05.31"]
[EventType "team-tourn"]
[EventCountry "ITA"]
[SourceTitle "playchess.com"]
[Source "ChessBase"]
[SourceQuality "1"]
[WhiteTeam "Italy"]
[BlackTeam "Croatia"]
[WhiteTeamCountry "ITA"]
[BlackTeamCountry "CRO"]

{[%evp 9,95,14,16,13,23,18,17,0,19,0,-1,-17,-28,-29,45,-8,0,0,20,0,2,10,27,27,27,27,27,27,27,29,28,30,77,77,77,73,77,62,84,58,51,15,16,0,0,0,6,0,0,0,0,0,210,230,232,223,288,288,352,193,243,16,16,0,0,0,0,0,0,0,0,0,0,0,0,0,0,0,0,0,0,0,0,0,0,0,0,0]} 1. e4 e5 2. Nf3 Nc6 3. Bc4 Bc5 4. O-O Nf6 5. d3 O-O 6. a4 {C50: Hungarian Defence and Giuoco Pianissimo} a6 7. c3 Ba7 8. h3 d6 9. Na3 Ne7 10. Bg5 Ng6 11. Nh4 Nf4 $146 (11... Kh8 $1 $11) ({Predecessor:} 11... Kh8 12. Nxg6+ fxg6 13. Nc2 h6 14. Be3 Nh5 15. d4 Nf4 {½-½ (51) Le,Q (2737)-Prithu,G (2373) Caleta 2018}) 12. Qf3 (12. Bxf4 $14 exf4 13. Nf3) 12... c6 13. Ba2 Kh8 14. Nf5 Bxf5 15. exf5 Qd7 16. Bxf4 exf4 17. Qxf4 d5 18. Nc2 Rae8 19. Rfe1 Bb8 20. Qf3 Qd6 {[#] ( -> ...Qh2+)} 21. g3 h5 22. h4 g6 23. Ne3 Kg7 24. Re2 d4 25. cxd4 Qxd4 26. Rae1 Qxa4 27. Bc4 {Black must now prevent fxg6.} Qa5 28. Kg2 Ba7 29. Qf4 {Threatens to win with fxg6.} Bxe3 30. Rxe3 Qxe1 $2 (30... Qxf5 $11 {and Black stays safe.} 31. Qxf5 gxf5) 31. Rxe1 $18 Rxe1 {[#]} 32. Qc7 $1 (32. fxg6 fxg6 33. Qc7+ Kh6 $11) 32... b5 33. Bb3 Ree8 34. Qxc6 (34. fxg6 $142 Rc8 35. Qb7) 34... Ng4 35. Bxf7 $2 ({Inferior is} 35. Qxa6 Re2 $17) ({Better is} 35. Qc3+ $18 Kh7 36. Qc7) 35... Ne5 $11 {The position is equal.} 36. Qxe8 Rxe8 37. Bxe8 Nxd3 38. fxg6 Nxb2 {[%mdl 4096] Endgame KB-KN} 39. g4 hxg4 40. Kg3 Nd3 41. h5 b4 {[%cal Bb5b4,Bb4b3,Bb3b2][%mdl 32]} 42. Kxg4 {Kg5 is the strong threat.} Nxf2+ 43. Kf5 b3 44. Ba4 b2 45. Bc2 Kh6 46. Ke5 a5 47. Kd4 Ng4 48. Ke4 {Precision: White = 50%, Black = 50%.} 1/2-1/2

[Event "36th Mitropa Cup Open 2018"]
[Site "Isola Capo Rizzuto"]
[Date "2018.06.06"]
[Round "6"]
[White "Godena, Michele"]
[Black "Plenca, Jadranko"]
[Result "1-0"]
[WhiteElo "2506"]
[BlackElo "2482"]
[Annotator "TA"]
[PlyCount "161"]
[EventDate "2018.05.31"]
[EventType "team-tourn"]
[EventCountry "ITA"]
[SourceTitle "playchess.com"]
[Source "ChessBase"]
[SourceQuality "1"]
[WhiteTeam "Italy"]
[BlackTeam "Croatia"]
[WhiteTeamCountry "ITA"]
[BlackTeamCountry "CRO"]

{[%evp 16,161,22,22,50,23,21,27,25,14,15,18,14,0,10,10,12,12,19,19,12,-8,-7,-20,2,-11,20,0,18,18,18,19,21,12,16,16,12,9,17,19,58,0,0,0,0,0,0,0,15,-56,-66,-66,-56,-90,-14,-17,-14,-16,0,-2,0,0,0,0,0,0,0,0,0,0,0,0,0,0,0,0,0,0,48,48,48,27,31,31,39,22,58,58,58,58,58,58,58,26,26,26,58,26,58,26,58,0,26,0,58,58,58,58,58,58,65,65,65,65,65,0,65,0,65,0,65,65,65,9,9,10,65,10,16,16,16,16,22,23,1800,1724,2288,1761,584,584,1196,7700,6613,4460,29972,29971,8506,4618]} 1. e4 e5 2. Nf3 Nc6 3. Bc4 Bc5 4. d3 Nf6 5. O-O O-O 6. Bg5 h6 7. Bh4 Be7 {C50: Hungarian Defence and Giuoco Pianissimo} 8. Bg3 d6 9. a4 {LiveBook: 7 Games} Kh8 {The position is equal.} 10. h3 $146 ({Predecessor:} 10. c3 Nh7 11. Nbd2 f5 12. exf5 Bxf5 13. a5 a6 14. Re1 {½-½ (22) Tomashevsky,E (2711)-Aronian,L (2785) Sharjah 2017}) 10... Nh7 11. Nc3 f5 12. exf5 Bxf5 13. Nd5 Nf6 14. Re1 (14. Ne3 {with more complications.} Bg6 15. c3 a6 16. Bb3 Bh5 17. Be6) 14... Nxd5 15. Bxd5 Bf6 16. a5 a6 17. c3 Rb8 18. Ra4 Ne7 19. Ba2 Bd7 20. Ra3 Bc6 21. d4 {[%cal Rd4e5]} e4 22. Nh2 d5 $1 {Threatening ...Nf5.} 23. Ng4 Ng6 24. c4 dxc4 $1 25. Nxf6 Qxf6 26. Bxc4 {Hoping for d5.} Rbd8 27. d5 Ne5 28. Rxe4 (28. Bb3 $14) 28... Nxc4 $11 29. Rxc4 Rxd5 30. Qc1 Qd8 31. Ra1 Rd2 32. Rxc6 (32. Rc2 $11 Rd3 33. Kh2) 32... bxc6 $15 33. Qxc6 Rf6 ({Much worse is} 33... Rxb2 $6 34. Be5 $14) 34. Qc3 Rd3 (34... c6 $17) 35. Qxc7 $11 Qxc7 36. Bxc7 {[%mdl 4096] Endgame KRR-KRB} Re6 37. Bb6 Re2 38. b4 Red2 39. Kh2 {[#] b5! is the strong threat.} Rd1 40. Ra2 {aiming for b5!} R3d2 41. Ra3 Rd3 42. Ra2 R3d2 43. Ra4 Rd3 44. Be3 Rb3 45. Bc5 Rdb1 (45... h5 {is interesting.} 46. h4 Kg8 47. Ra2 Kf7 48. Re2 Rd7) 46. Ra2 {Threatens to win with Rd2.} Rxb4 (46... R3b2 {seems wilder.} 47. Ra3 Rb3 48. Ra2) 47. Bxb4 Rxb4 {KR-KR} 48. g4 Rb5 49. Kg3 Kg8 50. h4 {[%cal Bh3h4,Bh4h5][%mdl 32]} Kf7 51. h5 Kf6 52. Ra4 Rc5 53. f3 Rb5 54. Kf4 Rc5 55. Ra2 Rb5 56. Ra3 Rc5 57. Ra1 Rb5 58. Ra4 Rc5 59. Kg3 Rb5 $1 60. Ra3 Rc5 61. f4 Rb5 62. Kf3 Rc5 63. Ke4 Rb5 64. Kd4 Kf7 65. Ke4 Kf6 $1 66. Kf3 Rc5 67. Kg3 Rb5 $1 68. Kh4 Rc5 69. Ra4 ({White should try} 69. Kh3 $1 $14) 69... Rb5 70. Ra2 Rc5 (70... Rd5 $1 $11) 71. Ra1 ({Better is} 71. Ra3 $1 $14) 71... Rb5 72. Rc1 {Black must now prevent Rc6+.} Rxa5 73. Rc6+ Kf7 74. Rc7+ Kf6 $2 {[%mdl 8192] [#]} (74... Kf8 $11) 75. g5+ $1 $18 {[%mdl 512]} hxg5+ 76. fxg5+ Kf5 77. Rf7+ Ke6 78. Rxg7 Ra4+ 79. Kg3 Kf5 80. h6 Ra3+ 81. Kf2 {Precision: White = 49%, Black = 55%.} 1-0

[Event "36th Mitropa Cup Open 2018"]
[Site "Isola Capo Rizzuto"]
[Date "2018.06.06"]
[Round "6"]
[White "Korpa, Bence"]
[Black "Vogel, Roven"]
[Result "1-0"]
[WhiteElo "2500"]
[BlackElo "2467"]
[Annotator "TA"]
[PlyCount "119"]
[EventDate "2018.05.31"]
[EventType "team-tourn"]
[EventCountry "ITA"]
[SourceTitle "playchess.com"]
[Source "ChessBase"]
[SourceQuality "1"]
[WhiteTeam "Hungary"]
[BlackTeam "Germany"]
[WhiteTeamCountry "HUN"]
[BlackTeamCountry "GER"]

{[%evp 11,119,22,22,23,26,0,0,0,38,23,40,40,53,45,62,33,73,87,114,103,123,106,140,148,145,144,129,125,139,129,121,121,140,140,135,122,127,127,140,140,140,0,147,131,151,147,147,145,141,130,141,108,108,108,110,109,108,102,132,132,132,93,93,72,72,72,72,72,72,72,72,72,74,77,205,205,220,205,208,211,211,206,213,221,226,204,328,326,487,497,499,372,362,345,552,533,545,539,526,514,500,482,704,674,12840,12840,12840,12839,12839,12832]} 1. Nf3 d5 2. g3 Nd7 3. d4 Ngf6 4. Bg2 e6 5. O-O b5 6. a4 b4 7. c4 {D02: 1 d4 d5 2 Nf3 sidelines, including 2...Nf6 3 g3 and 2...Nf6 3 Bf4} bxc3 8. bxc3 Ba6 9. Na3 {The position is equal.} Ne4 10. c4 $146 ({Predecessor:} 10. Qc2 Be7 11. Ne5 Nxe5 12. dxe5 f5 13. exf6 Nxf6 14. Nb5 Kf7 {½-½ (42) Ly,M (2376)-Zhao,X (2551) Queenstown 2012}) 10... c6 11. cxd5 cxd5 12. Nb5 Nd6 13. Qd3 {Nxd6+ is the strong threat.} Bxb5 14. axb5 Be7 15. Bf4 O-O 16. Ra6 $36 {[%mdl 2048] Black is under strong pressure.} Nb8 17. Ra2 Qb6 18. Bxd6 Qxd6 19. Rfa1 a5 20. Rxa5 Rxa5 21. Rxa5 Nd7 22. e3 Qc7 23. Ra1 Rc8 24. Bf1 Bb4 25. Ra6 Nb8 26. Ra1 Nd7 $1 27. Ng5 Nf6 28. Qb3 Ba5 29. Bd3 Bb6 30. Ra2 h6 31. Rc2 Qb7 {Hoping for ...Rxc2.} 32. Rxc8+ Qxc8 33. Nf3 Nd7 34. Kg2 g5 35. h4 g4 36. Ne1 Qc1 37. Qb1 (37. Qb4 {feels hotter.} Nf6 38. Kh2 Qd1 39. Qc3 Kg7 40. Kg2) 37... Qxb1 38. Bxb1 $16 {[%mdl 4096] Endgame KBN-KBN} f5 39. Nd3 Kf7 40. f3 gxf3+ 41. Kxf3 Ke7 42. Nb4 Bc7 {[#]} (42... Nf6 $16) 43. Bxf5 $1 $18 {[%mdl 512]} Nb6 (43... exf5 44. Nxd5+) 44. Bd3 Kf6 45. Nc6 Nd7 46. Bc2 Bd6 47. g4 Bc7 48. Nb4 Bd6 (48... Bd8 {keeps fighting.} 49. Nc6 Bc7) 49. Nd3 Bc7 (49... Nb6 $142 50. Bb3 Be7) 50. Nf4 Nf8 51. Bd3 Bd8 52. Nh3 Bc7 (52... e5 $142 53. g5+ hxg5) 53. g5+ {White is clearly winning.} hxg5 54. hxg5+ Kg7 55. Nf4 Ba5 56. Kg4 Bd2 (56... Bc7 $142 57. e4 dxe4 58. Bxe4 Ba5) 57. b6 {[%cal Bb5b6,Bb6b7][%mdl 32] And now Nxe6+! would win.} Bxe3 58. b7 Nd7 59. Nxe6+ Kf7 60. Kf5 {Precision: White = 72%, Black = 52%.} 1-0

[Event "36th Mitropa Cup Open 2018"]
[Site "Isola Capo Rizzuto"]
[Date "2018.06.06"]
[Round "6"]
[White "Dragnev, Valentin"]
[Black "Repka, Christopher"]
[Result "1-0"]
[WhiteElo "2489"]
[BlackElo "2534"]
[Annotator "TA"]
[PlyCount "79"]
[EventDate "2018.05.31"]
[EventType "team-tourn"]
[EventCountry "ITA"]
[SourceTitle "playchess.com"]
[Source "ChessBase"]
[SourceQuality "1"]
[WhiteTeam "Austria"]
[BlackTeam "Slovakia"]
[WhiteTeamCountry "AUT"]
[BlackTeamCountry "SVK"]

{[%evp 12,79,29,28,33,33,34,18,23,21,24,27,26,20,18,4,35,28,60,56,114,111,164,89,219,241,234,220,216,158,235,210,539,410,412,403,403,125,386,0,0,0,375,93,79,0,0,0,94,98,118,117,462,452,650,403,403,403,396,365,441,438,1112,1104,1853,1837,1685,1530,6179,5693]} 1. d4 Nf6 2. c4 e6 3. Nc3 d5 4. cxd5 exd5 5. Bg5 Be6 6. e3 {D35: Queen's Gambit Declined: Exchange Variation} Nbd7 7. Bd3 {LiveBook: 6 Games} Bd6 (7... h6 8. Bf4 Bb4 9. h3 c5 10. Nge2 c4 11. Bc2 O-O 12. O-O Nb6 13. a3 Be7 {0-1 (73) Goryachkina,A (2470)-Ponkratov,P (2590) Sochi 2017}) 8. Nge2 {White is slightly better.} O-O 9. Nf4 $146 ({Predecessor:} 9. h3 h6 10. Bf4 Qe7 11. O-O a6 12. Rc1 b5 13. Qc2 Rac8 {1-0 (23) Galje,H (2287)-Eilmes,D (2280) ICCF email 2013}) 9... c5 10. dxc5 Nxc5 11. O-O h6 12. Bh4 Rc8 {White should prevent ...Bxf4.} 13. Rc1 Be5 14. Bb1 Bxf4 15. exf4 d4 (15... Nce4 $1 $14) 16. Nb5 $16 Qb6 (16... d3 $16 {might work better.}) 17. Nxd4 (17. Bxf6 $18 Qxb5 18. Bxd4 (18. Qxd4 gxf6 19. Qxf6 Nd3 $11)) 17... Rfd8 (17... Bd7 $16 {is a better defense.}) 18. Bxf6 $1 $18 gxf6 19. Qc2 $1 Rxd4 20. Qh7+ Kf8 21. f5 Bd7 $2 (21... Rcd8 {is a better chance.}) 22. Rfe1 {[%cal Rh7h8]} Rg4 23. Qh8+ Rg8 24. Qxh6+ Rg7 25. Qh8+ $2 (25. b4 Qxb4 26. Qh8+ Rg8 $11) (25. Rc3 $1 $18 {[%cal Rc3g3]} Ne4 26. Rxc8+ Bxc8 27. Bxe4) 25... Rg8 $11 26. Qh6+ $2 {[%mdl 8192]} (26. Qh4 $11 Qxb2 27. Qh6+ Rg7 28. Qh8+ Rg8 29. Qh6+ Rg7 30. Rc2) 26... Rg7 $18 27. Rc4 $2 (27. b4 Qxb4 28. Qh8+ Rg8 $11) (27. Rc3 $1 $18 {[%cal Rc3g3] is the precise move to win. And now Rg3 would win.} Ne4 28. Bxe4 Rxc3 29. bxc3) 27... Re8 $16 {[%cal Re8e1]} 28. Qh8+ (28. Rxe8+ Bxe8 29. Qh8+ (29. Rg4 $2 Qxb2 30. h4 Qxb1+ $17) 29... Rg8 $11) (28. Rec1 $16 {Rg4 is the strong threat.} Re2 29. Rg4) 28... Rg8 $11 {[%cal Re8e1]} 29. Qh6+ ({White should play} 29. Rxe8+ $11 Bxe8 30. Qh6+ Rg7 31. Qh8+ (31. Rg4 $2 Qxb2 32. h4 Qxb1+ $17) 31... Rg8 32. Qh6+ Rg7 33. Qh8+ (33. Rg4 $2 Qxb2 34. h4 Qxb1+ $19) 33... Rg8) 29... Rg7 $16 {[%cal Re8e1]} 30. Rec1 $36 {[%mdl 2048] Threatens to win with Rg4. Black is under strong pressure.} ({But not} 30. Rxe8+ $6 Bxe8 31. Qh8+ (31. Rg4 Qxb2 32. h4 Qxb1+ $17) 31... Rg8 $11) 30... Qxb2 {[#]} 31. h3 $1 {[#]} ({Much weaker is} 31. Rxc5 $6 Bc6 $11) 31... Rc8 $2 {[%mdl 8192]} (31... Ne6 $1 $16 {[%mdl 512] is more resistant.}) 32. Rg4 $18 Ne6 (32... Qxc1+ $142 33. Qxc1 Rxg4) 33. Rxc8+ Bxc8 34. fxe6 Qxb1+ 35. Kh2 Bxe6 36. Rxg7 {White is clearly winning.} ({Not} 36. Qxg7+ Ke7 $18) 36... Qxa2 (36... Qb2 $142 37. Rg3+ Ke7) 37. Qxf6 Qc2 38. Rg5 {[%cal Rf6d8]} Qc7+ 39. f4 a5 40. Re5 {Precision: White = 64%, Black = 40%.} 1-0